01413nam a2200361 a 4500001001200000003000800012006001900020007001500039008004100054015001500095020001500110020002200125040002100147035002000168050002300188082001400211245010800225246003400333250001300367260005200380300001600432500013300448504004100581533015200622650001700774650002100791655002900812700002200841700002800863710001700891856012600908999001701034ebr10080859CaPaEBRm u cr cn|||||||||011114s2001 enk sb 000 0 eng  aGBA1-Z5362 z076196293X z0761962948 (pbk.) aCaPaEBRcCaPaEBR a(OCoLC)7077415914aJF801b.C56 2001eb04a323.622100aCitizenship and cultural policyh[electronic resource] /cedited by Denise Meredyth and Jeffrey Minson.14aCitizenship & cultural policy aRev. ed. aLondon ;aThousand Oaks, Calif. :bSAGE,c2001. axxx, 166 p. a"Originally published as a special issue of the American behavioral scientist (volume 43, number 9, June/July 2000"--T.p. verso. aIncludes bibliographical references. aElectronic reproduction.bPalo Alto, Calif. :cebrary,d2013.nAvailable via World Wide Web.nAccess may be limited to ebrary affiliated libraries. 0aCitizenship. 0aCultural policy. 7aElectronic books.2local1 aMeredyth, Denise.1 aMinson, Jeffrey,d1947-2 aebrary, Inc.40uhttp://site.ebrary.com/lib/rucke/Doc?id=10080859zAn electronic book accessible through the World Wide Web; click to view c55512d55512